LEADER 01056naa a2200217 u 4500 001 000000098783 003 CaOOAMICUS 005 20070226130156.0 008 050606s1996 it u000 u ita u 035 $a11048506 040 $aIAR$bita 100 1 $aCafagna, Emanuele.$0(OLS)http://pul/name/31637 245 10$aDottrine psicologiche nella teoria hegeliana del volere /$cEmanuele Cafagna. 260 $aPisa :$bScuola Normale,$c1996. 300 $aS. 427-485 ;$c25 cm 600 14$aHegel, Georg Wilhelm Friedrich,$d1770-1831$xPsicologia.$0(OLS)http://pul/subject/31573 730 0 $aAnnali della Scuola normale superiore di Pisa, Classe di lettere e filosofia$g[Spogli].$0(OLS)http://pul/title/24292 773 0 $tAnnali della Scuola Normale Superiore di Pisa$gSerie IV, vol. I,1 (1996) 773 0 $tAnnali della Scuola normale superiore di Pisa, Classe di lettere e filosofia$w()16982 996 $6245$aDottrine psicologiche nella teoria hegeliana del volere$9(OLS)http://pul/title/125658 996 $6260$aPisa :$bScuola Normale$9(OLS)http://pul/publisher/79182 LEADER 01216nam a2200313 a 4500 001 000000132327 003 CaOOAMICUS 005 20130115175143.0 008 130115s2011 fr u000 u fre r 020 $a978-2-7067-0807-7 040 $aPUL$bita 082 04$a231 100 1 $aBrague, Rémi.$0(OLS)http://pul/name/49417 245 10$aQui est le Dieu des chrétiens? /$cRémi Brague, Jean-Pierre Batut. 260 $aParis :$bSalvator,$c2011. 300 $a123 p. ;$c20 cm 490 1 $aControverses 650 4$aDio$xDottrina cristiana.$0(OLS)http://pul/subject/9476 650 4$aCarità.$0(OLS)http://pul/subject/670 700 1 $aBatut, Jean-Pierre.$0(OLS)http://pul/name/83775 830 0$aControverses.$0(OLS)http://pul/title/167173 850 $aPUL 852 $aPUL$W1$xSL Religione 3$y85$m231 BRARE 1$j152278$qDDC 21$B151631$CPULBib$Z2$F151631 $H121361 $82 941 1 $a9 996 $6020$a978-2-7067-0807-7$9(OLS)http://pul/number/151497 996 $6082$a231$9(OLS)http://pul/classification/408 996 $6245$aQui est le Dieu des chrétiens?$9(OLS)http://pul/title/167172 996 $6260$aParis :$bSalvator$9(OLS)http://pul/publisher/70387